Rappeurs Français #13 - Statistiques

Statistiques générales
  • Ce quiz a été pris 286 fois
  • Le résultat moyen est 5 sur 16
Statistiques - réponses
Par images Réponse % Correct
Mister V
94%
Népal
61%
La Fève
60%
Kery James
56%
La Mano 1.9
47%
Ashe 22
46%
Yorssy
38%
Bouss
34%
Khali
30%
Saïf
29%
J9ueve
26%
100 Blaze
13%
Luther
8%
Drime
1%
Kyzi
1%
Cacou
0%
Aucun quiz correspondant
Distribution des résultats
% des personnes avec chaque résultat
Percentile par nombre de réponses
Votre historique - résultats
Vous n’avez pas pris ce quiz